[Event "28th 4NCL Congress"]
[Site "Leamington Spa"]
[Date "2022.07.08"]
[Round "1"]
[Board "1"]
[White "Pink, Joshua"]
[Black "Hebden, Mark L"]
[Result "0-1"]
[WhiteElo "2066"]
[BlackElo "2546"]
[PlyCount "74"]
[EventDate "2022.07.08"]
[EventRounds "5"]
[EventCountry "ENG"]

1. e4 e5 2. f4 exf4 3. Nf3 Be7 4. Bc4 Nf6 5. e5 Ng4 6. O-O O-O 7. h3 d5 8. exd6
Qxd6 9. hxg4 Qc5+ 10. d4 Qxc4 11. Ne5 Qe6 12. Bxf4 f6 13. Nd3 Qxg4 14. Qxg4
Bxg4 15. Bxc7 Nc6 16. Nf2 Nxd4 17. Nxg4 Nxc2 18. Nc3 Bc5+ 19. Kh2 Nxa1 20. Rxa1
h5 21. Ne4 hxg4 22. Nxc5 Rfc8 23. Bd6 Rc6 24. Rd1 Rd8 25. Nxb7 Rd7 26. b4 Rxb7
27. Bc5 Ra6 28. Rd2 Ra3 29. Rb2 Rc3 30. Rd2 Kf7 31. a4 g5 32. g3 a5 33. Bd4
axb4 34. Bxc3 bxc3 35. Rd1 Rb2+ 36. Kg1 c2 37. Rc1 Rb1  0-1

[Event "28th 4NCL Congress"]
[Site "Leamington Spa"]
[Date "2022.07.08"]
[Round "1"]
[Board "2"]
[White "Gormally, Daniel W"]
[Black "Vleeshhouwer, Douglas"]
[Result "1-0"]
[WhiteElo "2494"]
[BlackElo "2062"]
[PlyCount "51"]
[EventDate "2022.07.08"]
[EventRounds "5"]
[EventCountry "ENG"]

1. d4 Nf6 2. c4 g6 3. Nc3 Bg7 4. e4 d6 5. f3 O-O 6. Bg5 c5 7. d5 e6 8. Qd2 Qa5
9. Bf4 exd5 10. cxd5 Ne8 11. h4 f5 12. h5 fxe4 13. hxg6 hxg6 14. Bh6 e3 15.
Qxe3 Nf6 16. O-O-O Re8 17. Qg5 Bf5 18. Bxg7 Kxg7 19. g4 Bxg4 20. fxg4 Nbd7 21.
Bd3 Ne5 22. Bxg6 Nxg6 23. Rh6 Qd8 24. Qxg6+ Kf8 25. Rh8+ Ke7 26. Qg7#  1-0

[Event "28th 4NCL Congress"]
[Site "Leamington Spa"]
[Date "2022.07.08"]
[Round "1"]
[Board "3"]
[White "Saunders, Aron"]
[Black "Davies, Nigel R"]
[Result "0-1"]
[WhiteElo "2055"]
[BlackElo "2441"]
[PlyCount "94"]
[EventDate "2022.07.08"]
[EventRounds "5"]
[EventCountry "ENG"]

1. e4 e6 2. d4 d5 3. Nd2 c5 4. exd5 Qxd5 5. Ngf3 cxd4 6. Bc4 Qd6 7. O-O Nf6 8.
Nb3 Nc6 9. Nbxd4 Nxd4 10. Qxd4 Bd7 11. Bf4 Qxd4 12. Nxd4 Rc8 13. Bb3 Bc5 14.
Nf3 Ke7 15. Rfe1 Rhd8 16. Ne5 Be8 17. h3 h6 18. g4 Nd7 19. Rad1 g5 20. Bg3 Nxe5
21. Bxe5 Bc6 22. Bc3 Bf3 23. Rxd8 Rxd8 24. Bc4 h5 25. Be2 hxg4 26. hxg4 Be4 27.
Rd1 Rc8 28. Bb5 Bd5 29. Rd2 Bd6 30. Bd4 Bf4 31. Be3 Rh8 32. Rxd5 exd5 33. Bxf4
gxf4 34. Kg2 Kf6 35. Bd3 Kg5 36. Bf5 Re8 37. Kf3 Re1 38. a4 a5 39. b3 Re7 40.
Bd3 Re6 41. Bb5 Rh6 42. Bd7 Rh3+ 43. Kg2 Rc3 44. Bf5 Kf6 45. f3 Ke5 46. Kf2 Kd4
47. Ke2 Re3+  0-1

[Event "28th 4NCL Congress"]
[Site "Leamington Spa"]
[Date "2022.07.08"]
[Round "1"]
[Board "4"]
[White "Jones, Steven A"]
[Black "Phan, Stefanus"]
[Result "1-0"]
[WhiteElo "2348"]
[BlackElo "2049"]
[PlyCount "85"]
[EventDate "2022.07.08"]
[EventRounds "5"]
[EventCountry "ENG"]

1. e4 c6 2. Nc3 d5 3. Nf3 Bg4 4. h3 Bxf3 5. Qxf3 e6 6. Be2 Nf6 7. O-O Nbd7 8.
d4 dxe4 9. Nxe4 Nxe4 10. Qxe4 Nf6 11. Qh4 Bd6 12. c3 O-O 13. Bf4 Bxf4 14. Qxf4
Qe7 15. Qe5 Rfd8 16. Bf3 Rac8 17. Rfd1 Qc7 18. Qe2 Rd7 19. g3 g6 20. Kg2 Rcd8
21. h4 Kg7 22. Qe3 h6 23. Rd2 c5 24. Rad1 Nd5 25. Qe2 c4 26. Be4 h5 27. Qf3 Rb8
28. Re2 Qd8 29. Rde1 b5 30. Bxd5 Rxd5 31. Re5 Rb7 32. Rxd5 Qxd5 33. Re5 Qxf3+
34. Kxf3 Rb6 35. Rc5 Rb7 36. Ke4 Kf6 37. d5 Rb6 38. Rc6 Ke7 39. Rc7+ Kd6 40.
Rxf7 Ra6 41. a3 exd5+ 42. Kd4 Ke6 43. Rb7  1-0

[Event "28th 4NCL Congress"]
[Site "Leamington Spa"]
[Date "2022.07.08"]
[Round "1"]
[Board "5"]
[White "Chauhan, Pranay"]
[Black "Bezuidenhout, Roland"]
[Result "0-1"]
[WhiteElo "2047"]
[BlackElo "2346"]
[PlyCount "100"]
[EventDate "2022.07.08"]
[EventRounds "5"]
[EventCountry "ENG"]

1. Nf3 Nf6 2. g3 d5 3. Bg2 c6 4. c4 dxc4 5. O-O Bf5 6. Na3 b5 7. b3 cxb3
8. axb3 Qb6 9. d3 e6 10. Bb2 Nbd7 11. Nd4 Rc8 12. Qc2 Bc5 13. Nxf5 exf5 14. e3
O-O 15. d4 Be7 16. Qxf5 c5 17. d5 c4 18. bxc4 bxc4 19. Bd4 Qb8 20. Rfb1 Nb6 21.
Nb5 g6 22. Be5 gxf5 23. Bxb8 Rxb8 24. d6 Bd8 25. Nxa7 Nbd7 26. Nc6 Rxb1+ 27.
Rxb1 Ne4 28. Bxe4 fxe4 29. Rb4 f5 30. Rxc4 Kf7 31. Nd4 Kf6 32. Rb4 Bb6 33. Ne2
Ke5 34. Rb5+ Kxd6 35. Nf4 Bc5 36. Ra5 Rb8 37. Ra6+ Rb6 38. Ra2 Ke5 39. Kg2 Rd6
40. Rc2 Bb6 41. Rb2 Nc5 42. Rb5 Ba7 43. Rb2 Kf6 44. Ra2 Bb6 45. Rb2 Nd3 46.
Nd5+ Rxd5 47. Rxb6+ Kg5 48. h4+ Kg4 49. Rb7 Ne1+ 50. Kf1 Nf3  0-1

[Event "28th 4NCL Congress"]
[Site "Leamington Spa"]
[Date "2022.07.08"]
[Round "1"]
[Board "6"]
[White "Gallana, Marco"]
[Black "Varley, Joe"]
[Result "1/2-1/2"]
[WhiteElo "2344"]
[BlackElo "2047"]
[PlyCount "136"]
[EventDate "2022.07.08"]
[EventRounds "5"]
[EventCountry "ENG"]

1. d4 Nf6 2. Nf3 g6 3. c4 Bg7 4. Nc3 d5 5. Bg5 Ne4 6. Bf4 Nxc3 7. bxc3 c5 8. e3
O-O 9. cxd5 cxd4 10. cxd4 Qxd5 11. Be2 Bf5 12. O-O Nc6 13. Qa4 Rac8 14. Rac1 a6
15. Rfd1 Qa5 16. Qxa5 Nxa5 17. Rc7 Rxc7 18. Bxc7 Nc6 19. a3 Rc8 20. Bb6 e6 21.
Nd2 Bc2 22. Rc1 Ba4 23. Ne4 Ne7 24. Rc7 Rxc7 25. Bxc7 Bc6 26. Bf3 Nd5 27. Bd6
h6 28. Nc5 Bf8 29. Bxf8 Kxf8 30. Kf1 b6 31. Bxd5 Bb5+ 32. Ke1 bxc5 33. Bb7 cxd4
34. exd4 Ke7 35. Kd2 a5 36. Kc3 Kd6 37. f3 g5 38. g3 f6 39. f4 Bf1 40. Bf3 Ba6
41. Bg2 Kc7 42. Bf3 Bb5 43. Bg4 Kd6 44. Bf3 f5 45. fxg5 hxg5 46. h4 g4 47. Bb7
Be8 48. Kd3 e5 49. Ke3 Bf7 50. Bc8 Bg6 51. Bb7 Bf7 52. Bc8 Bg6 53. Ba6 Kd5 54.
dxe5 Kxe5 55. Bc4 Be8 56. Bg8 Bg6 57. Bb3 Be8 58. Bd1 Bf7 59. Be2 Be8 60. Bd3
Bf7 61. Bf1 Bg6 62. Bg2 Be8 63. Bb7 Bf7 64. Bc8 Be8 65. Kd3 Bg6 66. Ke3 Be8 67.
Kd3 Bg6 68. Ke3 Be8  1/2-1/2

[Event "28th 4NCL Congress"]
[Site "Leamington Spa"]
[Date "2022.07.08"]
[Round "1"]
[Board "7"]
[White "Chan, Sheng Liang Bernard"]
[Black "Taylor, Adam A"]
[Result "1/2-1/2"]
[WhiteElo "2037"]
[BlackElo "2288"]
[PlyCount "96"]
[EventDate "2022.07.08"]
[EventRounds "5"]
[EventCountry "ENG"]

1. d4 Nf6 2. c4 e6 3. Nf3 Bb4+ 4. Bd2 Qe7 5. e3 O-O 6. Bd3 Bxd2+ 7. Qxd2 d6 8.
Nc3 e5 9. Bc2 Bg4 10. h3 Bxf3 11. gxf3 Nc6 12. O-O-O Rae8 13. Rdg1 Nh5 14. Nd5
Qd8 15. h4 f5 16. Rg5 g6 17. Ba4 f4 18. Nb4 fxe3 19. fxe3 exd4 20. Nxc6 bxc6
21. Bxc6 dxe3 22. Qd5+ Rf7 23. Rxh5 e2 24. Rxh7 e1=Q+ 25. Rxe1 Rxe1+ 26. Kd2
Ree7 27. Rh6 Re5 28. Qd3 Rf6 29. Rxg6+ Kf8 30. Bd5 Rxg6 31. Qxg6 Qd7 32. f4
Rxd5+ 33. cxd5 Qa4 34. Qf6+ Ke8 35. Qe6+ Kd8 36. Qg8+ Kd7 37. Qe6+ Kd8 38. Qf6+
Kc8 39. Qf5+ Kb7 40. a3 Qd4+ 41. Kc1 Qc4+ 42. Kb1 Qf1+ 43. Ka2 Qc4+ 44. b3 Qe2+
45. Kb1 Qe1+ 46. Kc2 Qe2+ 47. Kc3 Qe1+ 48. Kb2 Qd2+  1/2-1/2

[Event "28th 4NCL Congress"]
[Site "Leamington Spa"]
[Date "2022.07.08"]
[Round "1"]
[Board "8"]
[White "Schwartz, Julius"]
[Black "Pal, Rohan"]
[Result "1-0"]
[WhiteElo "2285"]
[BlackElo "2022"]
[PlyCount "137"]
[EventDate "2022.07.08"]
[EventRounds "5"]
[EventCountry "ENG"]

1. d4 d5 2. c4 e6 3. Nf3 Nf6 4. Nc3 Be7 5. Bf4 O-O 6. e3 b6 7. Rc1 Bb7 8. h3 c5
9. Bd3 Nbd7 10. O-O cxd4 11. exd4 Rc8 12. Qe2 dxc4 13. Bxc4 Bxf3 14. gxf3 Nb8
15. Rfd1 Bd6 16. Be5 Nh5 17. Bxd6 Qxd6 18. Nb5 Qe7 19. Qe5 Qh4 20. Nd6 Nf4 21.
Bf1 Rxc1 22. Rxc1 Nd7 23. Qb5 Nd5 24. Rc8 Rxc8 25. Nxc8 N7f6 26. Qc4 Qg5+ 27.
Kh1 Qf4 28. Nxa7 Qxf3+ 29. Bg2 Qd1+ 30. Kh2 g6 31. Nc6 Qd2 32. Kg1 Qe1+ 33. Qf1
Qxf1+ 34. Bxf1 Kf8 35. a4 Nc7 36. Kg2 Nfd5 37. Kf3 Ke8 38. b4 Kd7 39. Ne5+ Ke7
40. a5 bxa5 41. bxa5 Nb4 42. Ke3 f6 43. Nc4 Kd7 44. Nd2 Kc6 45. Ke4 Kb7 46. Nb3
Nba6 47. Kd3 Kc6 48. Kc4 Kb7 49. Nc5+ Ka7 50. Nd7 Ne8 51. Nf8 Nd6+ 52. Kb3 Ne4
53. Bg2 Nxf2 54. Nxe6 Nd3 55. Kc4 Nb2+ 56. Kb5 Nd3 57. d5 Ne5 58. d6 Nb8 59.
Nd8 f5 60. Nc6+ Nbxc6 61. Bxc6 Kb8 62. Bd5 f4 63. Be6 f3 64. Kb6 f2 65. a6 Nc6
66. a7+ Nxa7 67. d7 Nc6 68. Kxc6 f1=Q 69. d8=Q+  1-0

[Event "28th 4NCL Congress"]
[Site "Leamington Spa"]
[Date "2022.07.08"]
[Round "1"]
[Board "9"]
[White "Simpson, Joshua"]
[Black "Martin, Lewis"]
[Result "0-1"]
[WhiteElo "2022"]
[BlackElo "2273"]
[PlyCount "128"]
[EventDate "2022.07.08"]
[EventRounds "5"]
[EventCountry "ENG"]

1. e4 c5 2. Nf3 d6 3. d4 cxd4 4. Nxd4 Nf6 5. Nc3 a6 6. Be3 e5 7. Nf3 Be7 8. Bc4
O-O 9. Qd2 Qc7 10. Bd5 Nbd7 11. O-O Nb6 12. Bxb6 Qxb6 13. b3 Bg4 14. Na4 Qc7
15. c4 Nxd5 16. cxd5 Bxf3 17. gxf3 Qd8 18. f4 exf4 19. Qxf4 Bf6 20. Rab1 Rc8
21. Nb2 b5 22. Qd2 Re8 23. f3 Bg5 24. Qg2 Rc3 25. Nd1 Rd3 26. Rb2 Bf6 27. Rd2
Qb6+ 28. Kh1 Qd4 29. Rxd3 Qxd3 30. Nf2 Qe2 31. Ng4 Qxg2+ 32. Kxg2 Bd4 33. Rd1
Bc5 34. Re1 f6 35. Nf2 Ba3 36. Nd3 Rc8 37. Re2 a5 38. Nf4 Rc3 39. Ne6 g5 40.
Kg3 Kf7 41. Nd4 Rc5 42. h4 h5 43. hxg5 fxg5 44. Rh2 Kg6 45. Rf2 Bc1 46. Ne6 Rc3
47. Kh2 a4 48. bxa4 bxa4 49. Nf8+ Kf7 50. Ne6 Kf6 51. Kg3 Ke5 52. Rh2 Ra3 53.
Nxg5 Bf4+ 54. Kh3 Bxh2 55. Kxh2 Rxa2+ 56. Kg3 Kf6 57. f4 a3 58. e5+ dxe5 59.
Ne4+ Ke7 60. fxe5 Re2 61. d6+ Ke6 62. Nc5+ Kxe5 63. d7 Rd2 64. Kf3 a2  0-1

[Event "28th 4NCL Congress"]
[Site "Leamington Spa"]
[Date "2022.07.08"]
[Round "1"]
[Board "10"]
[White "Sedykh, Mikhail"]
[Black "Cast, Julian"]
[Result "1-0"]
[WhiteElo "2273"]
[BlackElo "2021"]
[PlyCount "69"]
[EventDate "2022.07.08"]
[EventRounds "5"]
[EventCountry "ENG"]

1. d4 Nf6 2. c4 e5 3. dxe5 Ne4 4. Nf3 d6 5. Nbd2 Nc5 6. Nb3 Nxb3 7. Qxb3 Nc6 8.
Bg5 Nd4 9. Bxd8 Nxb3 10. axb3 Kxd8 11. O-O-O Ke8 12. g3 dxe5 13. Nxe5 Bd6 14.
Nd3 c6 15. Bg2 Be6 16. Kc2 a5 17. Ra1 Ke7 18. e4 a4 19. Rxa4 Rxa4 20. bxa4 Bxc4
21. Rd1 Ra8 22. Nc1 g5 23. b3 Be6 24. Ne2 f5 25. Nd4 fxe4 26. Bxe4 h6 27. Re1
Bc5 28. Nxe6 Kxe6 29. Bxc6+ Kd6 30. Bxb7 Rb8 31. Rd1+ Kc7 32. Bd5 Bxf2 33. Rf1
Bd4 34. Rf7+ Kd6 35. Bc4  1-0

[Event "28th 4NCL Congress"]
[Site "Leamington Spa"]
[Date "2022.07.08"]
[Round "1"]
[Board "11"]
[White "Sullivan, Daniel JS"]
[Black "Okhai, Shabir"]
[Result "1/2-1/2"]
[WhiteElo "2012"]
[BlackElo "2265"]
[PlyCount "105"]
[EventDate "2022.07.08"]
[EventRounds "5"]
[EventCountry "ENG"]

1. d4 Nf6 2. c4 e6 3. Nc3 c5 4. d5 exd5 5. cxd5 d6 6. e4 g6 7. Nge2 h5 8. Bg5
Bg7 9. f3 a6 10. a4 Nbd7 11. Qd2 Qc7 12. Nd1 Rb8 13. Nec3 O-O 14. Be2 c4 15.
Rc1 b5 16. b4 Re8 17. axb5 axb5 18. O-O Ne5 19. Nf2 Nh7 20. Be3 Bd7 21. f4 Ng4
22. Bxg4 hxg4 23. Bd4 Nf6 24. Rfe1 Nh5 25. Bxg7 Nxg7 26. Qd4 Ra8 27. Ra1 Qb7
28. g3 Rxa1 29. Rxa1 Ra8 30. Rxa8+ Qxa8 31. Qd2 Qa3 32. Ncd1 Ne8 33. Qc3 Qa2
34. Ne3 Qe2 35. Nc2 Nc7 36. Ne3 Na6 37. Nc2 Be8 38. Ne3 Nxb4 39. Nexg4 Nd3 40.
Nf6+ Kf8 41. Nh7+ Kg8 42. Nf6+ Kf8 43. Nh7+ Ke7 44. Qf6+ Kd7 45. Nf8+ Kc8 46.
Nxd3 cxd3 47. Qe7 d2 48. Qxe8+ Kb7 49. Qd7+ Ka8 50. Qd8+ Ka7 51. Qd7+ Ka8 52.
Qd8+ Ka7 53. Qd7+  1/2-1/2

[Event "28th 4NCL Congress"]
[Site "Leamington Spa"]
[Date "2022.07.08"]
[Round "1"]
[Board "12"]
[White "Zhang, Anthony Y"]
[Black "Hill, Andy"]
[Result "0-1"]
[WhiteElo "2237"]
[BlackElo "2008"]
[PlyCount "72"]
[EventDate "2022.07.08"]
[EventRounds "5"]
[EventCountry "ENG"]

1. d4 Nf6 2. Nf3 g6 3. c4 Bg7 4. g3 O-O 5. Bg2 d6 6. O-O Nc6 7. Nc3 a6 8. d5
Na5 9. Qd3 c5 10. Rb1 b5 11. b3 b4 12. e4 bxc3 13. Ne1 Ng4 14. h3 Ne5 15. Qc2
f5 16. f4 Nf7 17. Kh2 Bd4 18. Qd3 Rb8 19. Nc2 Bg7 20. Ne3 Nh6 21. Nd1 fxe4 22.
Bxe4 Nf5 23. Nxc3 Nd4 24. g4 e5 25. f5 gxf5 26. gxf5 Qh4 27. Rb2 Kh8 28. Rg2
Bh6 29. Rg4 Qh5 30. Bxh6 Qxh6 31. Nd1 Bd7 32. Ne3 Naxb3 33. Ng2 Nc1 34. Qa3
Nce2 35. Rh4 Qf6 36. Qe3 Nf4  0-1

[Event "28th 4NCL Congress"]
[Site "Leamington Spa"]
[Date "2022.07.08"]
[Round "1"]
[Board "13"]
[White "Ortiz Sanchez, Luis"]
[Black "Walker, Martin G"]
[Result "0-1"]
[WhiteElo "2008"]
[BlackElo "2232"]
[PlyCount "82"]
[EventDate "2022.07.08"]
[EventRounds "5"]
[EventCountry "ENG"]

1. e4 Nf6 2. e5 Nd5 3. d4 d6 4. Nf3 dxe5 5. Nxe5 g6 6. Bc4 c6 7. O-O Bg7 8. Re1
O-O 9. Bb3 Nd7 10. Nf3 N7f6 11. h3 Bf5 12. Qe2 b5 13. a4 a6 14. Ne5 Qc7 15. Nd2
Nd7 16. Ndf3 Nxe5 17. Nxe5 Rad8 18. axb5 axb5 19. Bd2 Ra8 20. Nf3 h6 21. Ne5
Rxa1 22. Rxa1 Qb6 23. c3 Bc8 24. Qf3 Be6 25. Bc2 b4 26. Bc1 bxc3 27. bxc3 c5
28. Be4 Nf6 29. Rb1 Qd6 30. Bf4 Nxe4 31. Qxe4 Bf5 32. Qe1 Bxb1 33. Qxb1 cxd4
34. Nd3 e5 35. Bd2 e4 36. Bf4 Qe7 37. Nb4 dxc3 38. Nc6 Qc5 39. Qxe4 c2 40. Bc1
Kh7 41. Nb4 Rd8  0-1

[Event "28th 4NCL Congress"]
[Site "Leamington Spa"]
[Date "2022.07.08"]
[Round "1"]
[Board "14"]
[White "Payne, Matthew J"]
[Black "Cave, Iwan"]
[Result "1/2-1/2"]
[WhiteElo "2230"]
[BlackElo "1994"]
[PlyCount "79"]
[EventDate "2022.07.08"]
[EventRounds "5"]
[EventCountry "ENG"]

1. e4 Nc6 2. Nf3 e5 3. d4 exd4 4. Bc4 Nf6 5. e5 d5 6. Bb5 Ne4 7. Nxd4 Bd7 8.
Bxc6 bxc6 9. O-O Be7 10. f4 O-O 11. Nc3 f5 12. Nxe4 fxe4 13. f5 c5 14. Ne6 Bxe6
15. fxe6 Rxf1+ 16. Qxf1 Qf8 17. Qb5 d4 18. Bd2 e3 19. Rf1 Qe8 20. Qxe8+ Rxe8
21. Ba5 Bd8 22. Rf7 Rxe6 23. Rd7 Be7 24. Bxc7 Kf7 25. Bb8 Kg6 26. b3 Kf5 27.
Kf1 a6 28. Ke2 Ke4 29. Rd6 Rxe5 30. Rxa6 Rf5 31. Bg3 Bf6 32. Re6+ Kd5 33. Rd6+
Ke4 34. a4 Be5 35. Re6 Kd5 36. Rxe5+ Rxe5 37. Bxe5 Kxe5 38. Kd3 Kd5 39. c3 Kc6
40. cxd4  1/2-1/2

[Event "28th 4NCL Congress"]
[Site "Leamington Spa"]
[Date "2022.07.08"]
[Round "1"]
[Board "15"]
[White "Bourne, Johnathan D"]
[Black "Brewer, Callum D"]
[Result "0-1"]
[WhiteElo "1992"]
[BlackElo "2226"]
[PlyCount "54"]
[EventDate "2022.07.08"]
[EventRounds "5"]
[EventCountry "ENG"]

1. e4 c6 2. d4 d5 3. exd5 cxd5 4. c4 Nf6 5. Nc3 g6 6. Nf3 Bg7 7. cxd5 Nxd5 8.
Bc4 Nb6 9. Bb3 Nc6 10. d5 Na5 11. O-O O-O 12. Bc2 e6 13. dxe6 Bxe6 14. Bg5 Qxd1
15. Raxd1 Rac8 16. Nd4 Bxa2 17. Nxa2 Bxd4 18. Rxd4 Rxc2 19. Nc3 Nc6 20. Rh4 f6
21. Bc1 Re8 22. Ne4 Re6 23. Nc3 h5 24. h3 Kg7 25. g4 Ne5 26. Kg2 Nd3 27. Be3
Rxe3  0-1

[Event "28th 4NCL Congress"]
[Site "Leamington Spa"]
[Date "2022.07.08"]
[Round "1"]
[Board "16"]
[White "Carroll, Thomas"]
[Black "Larkin, Benjamin"]
[Result "1/2-1/2"]
[WhiteElo "2226"]
[BlackElo "1986"]
[PlyCount "167"]
[EventDate "2022.07.08"]
[EventRounds "5"]
[EventCountry "ENG"]

1. d4 Nf6 2. Bg5 c5 3. Nc3 d5 4. Bxf6 gxf6 5. e3 Bf5 6. h4 Nc6 7. Bd3 Bxd3 8.
Qxd3 cxd4 9. exd4 Bh6 10. Nge2 e6 11. g4 Qe7 12. f4 O-O-O 13. g5 Bg7 14. O-O-O
f5 15. Rh3 Kb8 16. Qb5 Qb4 17. Qxb4 Nxb4 18. Rg1 Rc8 19. a3 Nc6 20. Rd3 Rcg8
21. Nd1 Ne7 22. Rdg3 h6 23. Nf2 hxg5 24. hxg5 Ng6 25. Rh3 Rxh3 26. Nxh3 Rh8 27.
Rh1 Bf8 28. Kd2 Bd6 29. Ke3 Rh4 30. Nf2 Nxf4 31. Rg1 Ng6 32. Nd3 Rh3+ 33. Kd2
Rh5 34. b3 Be7 35. c4 Bxg5+ 36. Kc3 dxc4 37. bxc4 Be3 38. Rf1 Rh2 39. Ng3 Bd2+
40. Kb3 Rh3 41. Kc2 Be3 42. Ne2 Rh2 43. Kd1 Rh4 44. Ne1 Rg4 45. Nc2 Bg5 46. Rh1
f4 47. Ne1 Nh4 48. Rh3 f6 49. Kc2 e5 50. dxe5 fxe5 51. Nc3 Rg3 52. Rh1 Ng2 53.
Nd3 f3 54. Ne4 Rg4 55. Rh8+ Kc7 56. Rh7+ Kd8 57. Ndf2 Rf4 58. Nxg5 Rxc4+ 59.
Kb3 Ne3 60. Rxb7 Rc2 61. Nge4 Re2 62. Rb4 Nd5 63. Ra4 Nf6 64. Nxf6 Rxf2 65. Ng4
Re2 66. Rxa7 Re4 67. Nf2 Re2 68. Ng4 Re4 69. Nh2 Rh4 70. Nf1 Rh1 71. Nd2 Ke8
72. Ra5 Re1 73. Nxf3 Re3+ 74. Kb4 Rxf3 75. Rxe5+ Kd7 76. Rc5 Kd6 77. Rc1 Rf7
78. a4 Rc7 79. Rh1 Kc6 80. Rh6+ Kb7 81. Kb5 Ka7 82. a5 Rg7 83. Rc6 Rg5+ 84. Rc5
 1/2-1/2

[Event "28th 4NCL Congress"]
[Site "Leamington Spa"]
[Date "2022.07.08"]
[Round "1"]
[Board "17"]
[White "Basson, Heinrich"]
[Black "Ogunshola, Olugbemiga (Ben)"]
[Result "0-1"]
[WhiteElo "1983"]
[BlackElo "2224"]
[PlyCount "72"]
[EventDate "2022.07.08"]
[EventRounds "5"]
[EventCountry "ENG"]

1. d4 g6 2. Nf3 Nf6 3. Bf4 Bg7 4. Nc3 d5 5. Nb5 Na6 6. h3 c6 7. Na3 Ne4 8. c3
b5 9. Qb3 Qb6 10. Nc2 Bf5 11. e3 Nec5 12. dxc5 Nxc5 13. Qb4 Bxc2 14. Bc7 Qxc7
15. Qxc5 e5 16. Bxb5 Rc8 17. Qxd5 cxb5 18. Qxb5+ Qc6 19. Qxc6+ Rxc6 20. O-O Ke7
21. Rac1 Bf5 22. b3 Rd8 23. Rfe1 Rd3 24. e4 Bxh3 25. c4 Bg4 26. Nh2 Be6 27. Nf3
f6 28. Rc2 Kd7 29. Rec1 Bh6 30. Rb1 Bf8 31. Ne1 Rd4 32. Re2 Rcd6 33. Rbb2 Kc6
34. f3 Rd7 35. Rbc2 Bb4 36. Kf1 Rd1  0-1

[Event "28th 4NCL Congress"]
[Site "Leamington Spa"]
[Date "2022.07.08"]
[Round "1"]
[Board "18"]
[White "Modi, Shyam Jagdish"]
[Black "Bramson, Mike"]
[Result "1-0"]
[WhiteElo "2222"]
[BlackElo "1976"]
[PlyCount "101"]
[EventDate "2022.07.08"]
[EventRounds "5"]
[EventCountry "ENG"]

1. d4 d5 2. c4 e6 3. g3 Nf6 4. Bg2 Be7 5. Nf3 O-O 6. O-O Nbd7 7. Qc2 c5 8. cxd5
exd5 9. Rd1 b6 10. Nc3 Bb7 11. Bf4 Rc8 12. Rac1 a6 13. Qb1 Re8 14. Bh3 c4 15.
a4 h6 16. Ne5 Bc6 17. b3 Bb4 18. bxc4 Bxc3 19. Rxc3 g5 20. cxd5 Bxd5 21. Rxc8
Qxc8 22. Be3 Qb7 23. Rc1 g4 24. Nxg4 Nxg4 25. Bxg4 Nf6 26. Bh3 Kg7 27. Qf5 Rxe3
28. fxe3 Be6 29. Qf1 Qe4 30. Bxe6 Qxe3+ 31. Kg2 Qxe6 32. Qf3 Ne4 33. Qf4 f6 34.
Rc7+ Kg6 35. h4 h5 36. Qf3 f5 37. Rc1 Qd5 38. Rd1 b5 39. axb5 axb5 40. Kh2 b4
41. Qf4 b3 42. Ra1 Qb5 43. Qe3 b2 44. Rb1 Qb4 45. d5 Nd2 46. Qg5+ Kh7 47. Qxh5+
Kg7 48. Qg5+ Kh8 49. Qf6+ Kg8 50. Rxb2 Nf1+ 51. Kg1  1-0

[Event "28th 4NCL Congress"]
[Site "Leamington Spa"]
[Date "2022.07.08"]
[Round "1"]
[Board "19"]
[White "Sandhu, Manvith"]
[Black "Jackson, Oliver A"]
[Result "0-1"]
[WhiteElo "1952"]
[BlackElo "2197"]
[PlyCount "96"]
[EventDate "2022.07.08"]
[EventRounds "5"]
[EventCountry "ENG"]

1. e4 c5 2. Nf3 e6 3. d4 cxd4 4. Nxd4 a6 5. Bd3 Nf6 6. O-O Qc7 7. Qe2 d6 8. c4
Nbd7 9. Nc3 Be7 10. b3 b6 11. Bb2 Bb7 12. f4 h5 13. Rae1 h4 14. Kh1 Nh5 15. Qe3
O-O-O 16. f5 Rh6 17. Nce2 Kb8 18. fxe6 fxe6 19. Bc1 Ne5 20. Qh3 g5 21. Nxe6
Rxe6 22. Qxe6 Nxd3 23. Rd1 Ne5 24. Qh6 Nf4 25. Bxf4 gxf4 26. Qxf4 h3 27. Nc3
hxg2+ 28. Kxg2 Rg8+ 29. Kh1 Rg4 30. Qe3 Qc5 31. Qe2 b5 32. Nd5 bxc4 33. b4 Qb5
34. a4 Qe8 35. Rg1 Rxg1+ 36. Rxg1 Bxd5 37. exd5 Qf7 38. Rf1 Qxd5+ 39. Kg1 Qd3
40. Qf2 Kb7 41. b5 axb5 42. axb5 Qg6+ 43. Kh1 Qe4+ 44. Kg1 Bd8 45. Qg2 Qxg2+
46. Kxg2 Bg5 47. Rf2 Nd3 48. Rf7+ Kb6  0-1

[Event "28th 4NCL Congress"]
[Site "Leamington Spa"]
[Date "2022.07.08"]
[Round "1"]
[Board "20"]
[White "Agnew, Alan"]
[Black "Liu, Jack"]
[Result "1-0"]
[WhiteElo "2195"]
[BlackElo "1947"]
[PlyCount "63"]
[EventDate "2022.07.08"]
[EventRounds "5"]
[EventCountry "ENG"]

1. d4 Nf6 2. c4 g6 3. Nc3 d5 4. cxd5 Nxd5 5. e4 Nxc3 6. bxc3 Bg7 7. Nf3 c5 8.
Rb1 Nc6 9. d5 Ne5 10. Nxe5 Bxe5 11. Qd2 Qa5 12. Rb3 O-O 13. f4 Bg7 14. e5 Rd8
15. c4 Qxd2+ 16. Bxd2 b6 17. Bd3 Bb7 18. O-O Rd7 19. Bc3 Rc8 20. Be2 Rcd8 21.
a4 Ba6 22. Rd1 Bh6 23. g3 Kf8 24. a5 bxa5 25. Bxa5 Ra8 26. Kf2 Bg7 27. Rdb1 Bh6
28. e6 fxe6 29. dxe6 Rd6 30. Rb8+ Rxb8 31. Rxb8+ Kg7 32. Bc3+  1-0

[Event "28th 4NCL Congress"]
[Site "Leamington Spa"]
[Date "2022.07.08"]
[Round "1"]
[Board "21"]
[White "Bill, Vincenz"]
[Black "Kolani, Arjun"]
[Result "0-1"]
[WhiteElo "1940"]
[BlackElo "2163"]
[PlyCount "66"]
[EventDate "2022.07.08"]
[EventRounds "5"]
[EventCountry "ENG"]

1. d4 Nf6 2. c4 g6 3. Nc3 d5 4. cxd5 Nxd5 5. e4 Nxc3 6. bxc3 Bg7 7. Nf3 c5 8.
Be2 O-O 9. Rb1 cxd4 10. cxd4 Qa5+ 11. Qd2 Qxd2+ 12. Bxd2 b6 13. O-O Bb7 14. Bd3
e6 15. Rbc1 Nc6 16. d5 exd5 17. exd5 Ne5 18. Nxe5 Bxe5 19. Rfe1 f6 20. Rxe5
fxe5 21. d6 Bd5 22. Rc7 Rf7 23. Bg5 Rxc7 24. dxc7 a5 25. Bb5 a4 26. Bxa4 Be6
27. Bb5 Rxa2 28. h3 Rc2 29. Bd8 Rc1+ 30. Kh2 Rc5 31. Bd3 b5 32. Be4 b4 33. Bb1
b3  0-1

[Event "28th 4NCL Congress"]
[Site "Leamington Spa"]
[Date "2022.07.08"]
[Round "1"]
[Board "22"]
[White "Richmond, Jane"]
[Black "Shenbagakumar, Gautham"]
[Result "1-0"]
[WhiteElo "2152"]
[BlackElo "1934"]
[PlyCount "93"]
[EventDate "2022.07.08"]
[EventRounds "5"]
[EventCountry "ENG"]

1. e4 c5 2. Nc3 a6 3. g3 Nc6 4. Bg2 g6 5. d3 Bg7 6. Be3 d6 7. Qd2 e6 8. Nge2
Nd4 9. O-O Ne7 10. Nd1 Nxe2+ 11. Qxe2 Nc6 12. f4 O-O 13. c3 f5 14. Nf2 Qe7 15.
Rfe1 e5 16. Qd2 Be6 17. Nh3 Kh8 18. Ng5 Bg8 19. h3 Bf6 20. Nf3 Be6 21. exf5
gxf5 22. Qf2 e4 23. dxe4 fxe4 24. Nd2 Bf5 25. Rad1 b5 26. Nf1 Na5 27. Bc1 Nc4
28. b3 Nb6 29. Ne3 Bxc3 30. Nxf5 Rxf5 31. Rxe4 Qf7 32. Rxd6 Nd5 33. g4 Rf6 34.
Rxf6 Bxf6 35. Bb2 Nc3 36. Re3 Nd1 37. Bxf6+ Qxf6 38. Qf3 Rd8 39. Rd3 Rxd3 40.
Qxd3 Nb2 41. Qe3 c4 42. g5 Qg7 43. Bd5 h5 44. Qe8+ Kh7 45. Be4+ Qg6 46. Qxg6+
Kh8 47. Qh7#  1-0

[Event "28th 4NCL Congress"]
[Site "Leamington Spa"]
[Date "2022.07.08"]
[Round "1"]
[Board "23"]
[White "Woltery, Nicolai"]
[Black "Mulay, Partha"]
[Result "1/2-1/2"]
[WhiteElo "1930"]
[BlackElo "2139"]
[PlyCount "121"]
[EventDate "2022.07.08"]
[EventRounds "5"]
[EventCountry "ENG"]

1. c4 Nf6 2. Nc3 g6 3. g3 Bg7 4. Bg2 O-O 5. d4 d6 6. Nf3 Nbd7 7. O-O e5 8. b3
Re8 9. e3 c6 10. Bb2 e4 11. Nd2 d5 12. cxd5 cxd5 13. Nb5 Qb6 14. Qe2 Nf8 15. h3
Bd7 16. a4 Ne6 17. Rfc1 Rac8 18. Nc3 Qa5 19. Na2 Bf8 20. Bc3 Qd8 21. Qd1 h5 22.
b4 Bd6 23. b5 Qe7 24. Rab1 Ba3 25. Rc2 Rc7 26. Bb4 Bxb4 27. Nxb4 Rec8 28. Rcb2
Be8 29. Kh2 Qd6 30. Kg1 Nd7 31. a5 Nf6 32. b6 axb6 33. axb6 Rc3 34. Ra1 Nd7 35.
Rab1 Nxb6 36. Na2 R3c6 37. Nb4 Nc4 38. Nxc4 Rxc4 39. Bf1 Rc3 40. Na2 Ra3 41.
Nc1 Bc6 42. Rb4 Ng5 43. Bg2 Rca8 44. Ne2 Ne6 45. Qc1 Qd8 46. Nc3 Qa5 47. Bf1
Ng5 48. Bb5 Nxh3+ 49. Kg2 Ng5 50. Bxc6 bxc6 51. Rb8+ Kg7 52. Qb2 Rxb8 53. Qxb8
Nf3 54. Ne2 Qd2 55. Qd6 Ra8 56. Qxc6 Ra2 57. Rb6 Qxe2 58. Qf6+ Kh6 59. Qh8+ Kg5
60. Qf6+ Kh6 61. Qh8+  1/2-1/2